Species and environment representation: selecting reserves for the retention of avian diversity in KwaZulu-natal, South Africa (Registro nro. 12348)
[ vista simple ]
| 000 -CABECERA | |
|---|---|
| Campo de control | 006760000a22001930004500 |
| 090 ## - CLASIFICACIÓN LOCAL | |
| Colección | AR |
| Consecutivo | 03297 |
| 041 0# - IDIOMA | |
| Código de idioma para texto/pista de sonido o título separado | |
| 100 1# - ASIENTO PRINCIPAL--NOMBRE PERSONAL | |
| Nombre personal | Fairbanks, Dean H. |
| 245 10 - MENCION DE TITULO | |
| Título | Species and environment representation: selecting reserves for the retention of avian diversity in KwaZulu-natal, South Africa |
| 650 14 - ASIENTO SECUNDARIO DE MATERIA - TERMINO TEMATICO | |
| Término temático o nombre geográfico como elemento de entrada | Selección de áreas protegidas |
| 650 14 - ASIENTO SECUNDARIO DE MATERIA - TERMINO TEMATICO | |
| Término temático o nombre geográfico como elemento de entrada | Conservación de aves |
| 650 14 - ASIENTO SECUNDARIO DE MATERIA - TERMINO TEMATICO | |
| Término temático o nombre geográfico como elemento de entrada | Autocorrelación espacial |
| 650 14 - ASIENTO SECUNDARIO DE MATERIA - TERMINO TEMATICO | |
| Término temático o nombre geográfico como elemento de entrada | Clima |
| 651 #4 - ASIENTO SECUNDARIO DE MATERIA - NOMBRE GEOGRAFICO | |
| -- | Sudáfrica |
| 700 1# - ASIENTO SECUNDARIO - NOMBRE PERSONAL | |
| Nombre personal | Reyers, Belinda |
| 700 1# - ASIENTO SECUNDARIO - NOMBRE PERSONAL | |
| Nombre personal | Jaarsveld van, Albert S. |
| 773 1# - Item fuente: | |
| Título | Biological Conservation |
| Especificación de materiales | 893 |
| Paginas del Articulo | 365-379 |
| Lugar, editorial y fecha de publicación | 2001 |
| Información sobre la relación | 98 |
| 942 ## - ELEMENTOS ADICIONALES (KOHA) | |
| Tipo de ítem | Artículo |
| Withdrawn status | Lost status | Damaged status | No para préstamo | Colección | Ubicación Permanente | Ubicación actual | Fecha de adquisición | Fuente de Valor | Datos de publicación Seriada | Total Checkouts | Número topográfico | Inventario / Código de Barras | Date last seen | Ejemplar | Price effective from | Forma de adquisición | Tipo de material |
|---|---|---|---|---|---|---|---|---|---|---|---|---|---|---|---|---|---|
| No para Préstamo | Hemeroteca | Bogotá | Bogotá | 27/02/2015 | Revista de la Academia Colombiana de Ciencias Exactas, Fisicas y Na | Fuera de circulación | AR 03297 | 013758 | 25/03/2015 | 1 | 25/03/2015 | Artículo |